| 000 | 00528nam a2200193Ia 4500 | ||
|---|---|---|---|
| 005 | 20231208103059.0 | ||
| 008 | 131103s9999 xx 000 0 und d | ||
| 020 |
_a304343714 _cRs. 600 |
||
| 040 | _aLoreto College | ||
| 041 | _aEnglish | ||
| 082 |
_a423 _bBRE |
||
| 245 | _aBrewer's Dictionary of 20th-Century Phrase and Fable, | ||
| 250 | _aNew Edition | ||
| 260 |
_aLondon _bCassell Publishers Limited _c1991 |
||
| 300 | _a[12]p. 662 p. | ||
| 650 | _aDictionary Of Phrase and Fable | ||
| 850 | _aLCLIB | ||
| 942 | _cBK | ||
| 999 |
_c6935 _d57414 |
||